Suomen kunnat väkiluvun mukaan - Statistics

Yleistilastot
  • Tätä visaa on pelattu 906 kertaa
  • Keskiarvotulos 90 / 309
Vastaustilastot
Järjestys Väkiluku Maakunta Vastaus % Oikein
1. 658 864 Uusimaa Helsinki
100%
2. 297 354 Uusimaa Espoo
98%
4. 239 216 Uusimaa Vantaa
98%
3. 244 315 Pirkanmaa Tampere
97%
5. 209 618 Pohjois-Pohjanmaa Oulu
96%
6. 195 301 Varsinais-Suomi Turku
96%
7. 144 477 Keski-Suomi Jyväskylä
95%
8. 121 557 Pohjois-Savo Kuopio
94%
9. 120 093 Päijät-Häme Lahti
92%
10. 83 491 Satakunta Pori
91%
17. 64 194 Lappi Rovaniemi
91%
12. 77 266 Pohjois-Karjala Joensuu
90%
11. 80 483 Kymenlaakso Kouvola
90%
15. 67 631 Pohjanmaa Vaasa
90%
13. 72 646 Etelä-Karjala Lappeenranta
89%
16. 64 743 Etelä-Pohjanmaa Seinäjoki
89%
14. 67 994 Kanta-Häme Hämeenlinna
88%
18. 52 121 Etelä-Savo Mikkeli
88%
20. 51 248 Kymenlaakso Kotka
85%
19. 51 407 Varsinais-Suomi Salo
83%
21. 51 135 Uusimaa Porvoo
81%
23. 46 858 Uusimaa Hyvinkää
79%
31. 36 498 Kainuu Kajaani
79%
22. 47 915 Keski-Pohjanmaa Kokkola
79%
24. 45 995 Uusimaa Lohja
77%
29. 38 970 Satakunta Rauma
76%
25. 45 237 Uusimaa Järvenpää
75%
33. 34 889 Pirkanmaa Nokia
75%
30. 37 244 Uusimaa Kerava
72%
27. 40 441 Uusimaa Kirkkonummi
72%
26. 44 136 Uusimaa Nurmijärvi
72%
36. 32 551 Etelä-Savo Savonlinna
70%
28. 39 727 Uusimaa Tuusula
70%
34. 33 529 Pirkanmaa Ylöjärvi
70%
32. 35 502 Varsinais-Suomi Kaarina
69%
40. 25 667 Etelä Karjala Imatra
68%
35. 32 627 Pirkanmaa Kangasala
65%
38. 28 531 Kanta-Häme Riihimäki
65%
47. 21 326 Lappi Tornio
65%
41. 24 818 Varsinais-Suomi Raisio
64%
37. 29 241 Uusimaa Vihti
63%
55. 19 991 Lappi Kemi
61%
39. 27 481 Uusimaa Raasepori
59%
49. 20 960 Pohjois-Savo Iisalmi
58%
43. 24 163 Pirkanmaa Lempäälä
58%
48. 21 297 Pohjois-Savo Siilinjärvi
58%
45. 23 087 Päijät-Häme Hollola
57%
42. 24 260 Pohjois-Pohjanmaa Raahe
57%
58. 19 709 Kymenlaakso Hamina
56%
57. 19 770 Keski-Suomi Jämsä
55%
44. 23 995 Pirkanmaa Sastamala
55%
46. 22 186 Uusimaa Sipoo
55%
50. 20 839 Uusimaa Mäntsälä
53%
65. 18 304 Keski-Suomi Äänekoski
51%
64. 18 349 Päijät-Häme Heinola
51%
51. 20 701 Pirkanmaa Valkeakoski
51%
56. 19 978 Pohjois-Savo Varkaus
51%
59. 19 579 Varsinais-Suomi Naantali
50%
52. 20 299 Varsinais-Suomi Lieto
49%
86. 11 736 Ahvenanmaa Maarianhamina
49%
53. 20 207 Pirkanmaa Pirkkala
49%
67. 16 572 Kanta-Häme Forssa
48%
61. 19 115 Pohjois-Pohjanmaa Kempele
48%
54. 20 199 Etelä-Pohjanmaa Kurikka
48%
62. 19 096 Pohjanmaa Pietarsaari
47%
63. 18 794 Keski-Suomi Laukaa
46%
70. 15 814 Päijät-Häme Orimattila
46%
66. 17 245 Etelä-Savo Pieksämäki
46%
60. 19 529 Pohjanmaa Mustasaari
45%
68. 16 464 Pirkanmaa Akaa
43%
69. 16 340 Kanta-Häme Janakkala
43%
72. 15 463 Varsinais-Suomi Uusikaupunki
43%
74. 15 319 Etelä-Pohjanmaa Kauhava
42%
75. 15 168 Pohjois-Pohjanmaa Kuusamo
42%
71. 15 632 Varsinais-Suomi Loimaa
42%
81. 12 670 Satakunta Ulvila
41%
73. 15 359 Pohjois-Pohjanmaa Ylivieska
41%
82. 12 659 Satakunta Kankaanpää
40%
80. 12 889 Etelä-Pohjanmaa Kauhajoki
40%
78. 14 644 Uusimaa Loviisa
40%
95. 10 343 Kainuu Sotkamo
40%
87. 11 416 Satakunta Eura
39%
77. 15 040 Pohjois-Karjala Kontiolahti
39%
79. 14 208 Etelä-Pohjanmaa Lapua
39%
76. 15 086 Varsinais-Suomi Parainen
39%
85. 11 979 Pohjois-Karjala Liperi
38%
84. 12 367 Etelä-Pohjanmaa Ilmajoki
37%
83. 12 407 Pohjois-Pohjanmaa Kalajoki
37%
91. 10 545 Pohjois-Karjala Lieksa
36%
88. 11 198 Etelä-Pohjanmaa Alavus
35%
93. 10 401 Uusimaa Kauniainen
35%
90. 11 041 Varsinais-Suomi Paimio
35%
99. 9 876 Satakunta Huittinen
34%
96. 10 335 Pirkanmaa Hämeenkyrö
33%
100. 9 876 Pohjois-Karjala Kitee
33%
92. 10 426 Keski-Suomi Muurame
33%
94. 10 397 Pohjois-Pohjanmaa Nivala
33%
89. 11 171 Pohjanmaa Pedersöre
33%
118. 8 187 Lappi Sodankylä
33%
97. 10 210 Pohjois-Pohjanmaa Liminka
32%
98. 9 912 Pohjois-Pohjanmaa Ii
31%
107. 9 355 Satakunta Eurajoki
30%
131. 7 107 Lappi Kemijärvi
30%
105. 9 419 Pohjois-Karjala Nurmes
30%
108. 9 321 Etelä-Pohjanmaa Alajärvi
29%
120. 8 038 Päijät-Häme Asikkala
29%
124. 7 903 Lappi Keminmaa
29%
104. 9 441 Keski-Suomi Keuruu
29%
110. 9 250 Pohjois-Savo Lapinlahti
29%
109 9 279 Pohjois-Savo Leppävirta
29%
102 9 576 Pirkanmaa Mänttä-Vilppula
29%
111. 9 115 Keski-Suomi Saarijärvi
29%
106. 9 398 Kanta-Häme Hattula
28%
133. 7 008 Lappi Inari
28%
114. 8 817 Uusimaa Karkkila
28%
122. 7 927 Kainuu Kuhmo
28%
101. 9 615 Varsinais-Suomi Masku
28%
103. 9 570 Pohjanmaa Närpiö
28%
112. 8 978 Pirkanmaa Orivesi
28%
121. 7 989 Uusimaa Hanko
27%
138. 6 785 Satakunta Harjavalta
27%
144. 6 526 Lappi Kittilä
27%
113. 8 907 Pohjois-Pohjanmaa Muhos
27%
115. 8 564 Varsinais-Suomi Somero
27%
129. 7 509 Kainuu Suomussalmi
27%
119. 8 144 Kanta-Häme Hausjärvi
26%
126. 7 758 Pohjois-Savo Kiuruvesi
26%
134. 6 957 Satakunta Kokemäki
26%
125. 7 790 Kanta-Häme Loppi
26%
143. 6 557 Päijät-Häme Iitti
25%
136. 6 876 Pirkanmaa Ikaalinen
25%
123. 7 916 Pohjanmaa Laihia
25%
116. 8 461 Varsinais-Suomi Laitila
25%
117. 8 227 Varsinais-Suomi Pöytyä
25%
127. 7 678 Pohjois-Pohjanmaa Pudasjärvi
25%
142. 6 587 Satakunta Säkylä
25%
159. 5 509 Ahvenanmaa Jomala
24%
156. 5 892 Etelä-Savo Juva
24%
145. 6 503 Pohjois-Karjala Outokumpu
24%
130. 7 493 Pohjanmaa Uusikaarlepyy
24%
146. 6 462 Pirkanmaa Virrat
24%
139. 6 617 Varsinais-Suomi Kemiönsaari
23%
157. 5 636 Etelä-Savo Mäntyharju
23%
128. 7 594 Varsinais-Suomi Mynämäki
23%
132. 7 102 Pohjois-Pohjanmaa Oulainen
23%
152. 6 285 Pirkanmaa Parkano
23%
167. 5 118 Kymenlaakso Pyhtää
23%
135. 6 891 Pohjois-Savo Suonenjoki
23%
161. 5 485 Etelä-Pohjanmaa Ähtäri
22%
137. 6 803 Pohjois-Pohjanmaa Haapajärvi
22%
140. 6 614 Pohjois-Pohjanmaa Haapavesi
22%
164. 5 230 Etelä-Savo Kangasniemi
22%
162. 5 390 Keski-Pohjanmaa Kannus
22%
151. 6 375 Pohjanmaa Kristiinankaupunki
22%
148. 6 439 Pirkanmaa Pälkäne
22%
153. 6 198 Uusimaa Siuntio
22%
155. 5 969 Kanta-Häme Tammela
22%
163. 5 349 Uusimaa Inkoo
21%
147. 6 439 Pohjanmaa Kruunupyy
21%
165. 5 168 Satakunta Nakkila
21%
141. 6 592 Pohjois-Pohjanmaa Tyrnävä
21%
154. 6 063 Keski-Suomi Viitasaari
21%
150. 6 377 Pohjanmaa Vöyri
21%
174. 4 847 Uusimaa Askola
20%
169. 5 044 Kanta-Häme Jokioinen
20%
158. 5 626 Pohjanmaa Luoto
20%
160. 5 486 Pohjanmaa Maalahti
19%
173. 4 916 Etelä-Karjala Ruokolahti
19%
149. 6 379 Varsinais-Suomi Rusko
19%
168. 5 066 Uusimaa Pornainen
18%
178. 4 673 Pirkanmaa Urjala
18%
184. 4 476 Etelä-Karjala Luumäki
17%
166. 5 131 Pohjois-Pohjanmaa Siikalatva
17%
181. 4 593 Etelä-Karjala Taipalsaari
17%
172. 4 955 Etelä-Pohjanmaa Teuva
17%
179. 4 646 Pohjois-Karjala Ilomantsi
16%
189. 4 244 Päijät-Häme Kärkölä
16%
191. 4 194 Keski-Pohjanmaa Kaustinen
16%
194. 3 985 Lappi Kolari
16%
176. 4 688 Varsinais-Suomi Nousiainen
16%
182. 4 571 Etelä-Karjala Parikkala
16%
171. 4 962 Pohjois-Pohjanmaa Pyhäjärvi
16%
170. 5 024 Pohjois-Pohjanmaa Siikajoki
16%
309. 105 Ahvenanmaa Sottunga
16%
186. 4 437 Pirkanmaa Vesilahti
16%
177. 4 687 Keski-Suomi Hankasalmi
15%
183. 4 481 Etelä-Pohjanmaa Isokyrö
15%
185. 4 444 Pohjois-Karjala Juuka
15%
192. 4 161 Pohjois-Karjala Polvijärvi
15%
193. 4 154 Pirkanmaa Ruovesi
15%
175. 4 783 Pohjois-Pohjanmaa Sievi
15%
190. 4 242 Pohjois-Karjala Tohmajärvi
15%
198. 3 832 Lappi Ylitornio
15%
195. 3 958 Varsinais-Suomi Aura
14%
180. 4 626 Pohjois-Savo Joroinen
14%
207. 3 415 Lappi Salla
14%
211. 3 184 Kainuu Paltamo
13%
187. 4 271 Pohjois-Savo Pielavesi
13%
202. 3 670 Lappi Ranua
13%
204. 3 583 Päijät-Häme Sysmä
13%
217. 3 042 Kymenlaakso Virolahti
13%
188. 4 264 Keski-Suomi Joutsa
12%
205. 3 528 Etelä-Pohjanmaa Kuortane
12%
299. 924 Lappi Pelkosenniemi
12%
209. 3 296 Lappi Pello
12%
197. 3 875 Keski-Suomi Pihtipudas
12%
214. 3 066 Lappi Posio
12%
208. 3 329 Etelä-Savo Rantasalmi
12%
213. 3 092 Etelä-Karjala Rautjärvi
12%
210. 3 260 Etelä-Karjala Savitaipale
12%
196. 3 914 Pohjois-Pohjanmaa Taivalkoski
12%
200. 3 774 Keski-Suomi Karstula
11%
308. 224 Ahvenanmaa Kökar
11%
307. 313 Ahvenanmaa Kumlinge
11%
215. 3 054 Satakunta Merikarvia
11%
201. 3 679 Keski-Suomi Petäjävesi
11%
295. 1 008 Lappi Savukoski
11%
223. 2 904 Lappi Simo
11%
199. 3 776 Pohjois-Savo Sonkajärvi
11%
305. 449 Ahvenanmaa Brändö
10%
302. 506 Ahvenanmaa Geta
10%
212. 3 134 Pohjois-Karjala Heinävesi
10%
222. 2 917 Etelä-Karjala Lemi
10%
224. 2 882 Lappi Tervola
10%
221. 2 937 Keski-Pohjanmaa Toholampi
10%
203. 3 634 Keski Suomi Uurainen
10%
219. 3 005 Keski-Pohjanmaa Veteli
10%
206. 3 490 Pohjois-Savo Vieremä
10%
298. 934 Ahvenanmaa Eckerö
9%
233. 2 642 Ahvenanmaa Finström
9%
303. 501 Ahvenanmaa Föglö
9%
301. 703 Keski-Suomi Luhanka
9%
306. 376 Ahvenanmaa Lumparland
9%
226. 2 814 Päijät-Häme Padasjoki
9%
220. 2 958 Varsinais-Suomi Sauvo
9%
304. 462 Ahvenanmaa Vårdö
9%
271. 1 787 Lappi Enontekiö
8%
234. 2 621 Päijät-Häme Hartola
8%
296. 968 Varsinais-Suomi Kustavi
8%
225. 2 868 Etelä-Pohjanmaa Lappajärvi
8%
253 2 133 Ahvenanmaa Lemland
8%
231. 2 677 Keski-Pohjanmaa Perho
8%
240. 2 447 Kainuu Puolanka
8%
216. 3 045 Pohjois-Pohjanmaa Pyhäjoki
8%
218. 3 035 Pohjois-Savo Rautalampi
8%
269. 1 810 Ahvenanmaa Saltvik
8%
294. 1 020 Ahvenanmaa Sund
8%
290. 1 178 Lappi Utsjoki
8%
292. 1 083 Keski-Pohjanmaa Halsua
7%
252. 2 139 Kainuu Hyrynsalmi
7%
227. 2 778 Pohjois-Savo Kaavi
7%
236. 2 583 Uusimaa Lapinjärvi
7%
300. 719 Keski-Pohjanmaa Lestijärvi
7%
267. 1 835 Kymenlaakso Miehikkälä
7%
229. 2 719 Pirkanmaa Punkalaidun
7%
228. 2 756 Etelä-Pohjanmaa Vimpeli
7%
282. 1 361 Etelä-Savo Enonkoski
6%
297. 949 Pohjois-Pohjanmaa Hailuoto
6%
277. 1 624 Ahvenanmaa Hammarland
6%
254. 2 132 Etelä-Savo Hirvensalmi
6%
250. 2 166 Kanta-Häme Humppila
6%
273. 1 685 Satakunta Jämijärvi
6%
246. 2 289 Satakunta Karvia
6%
245. 2 321 Lappi Muonio
6%
268. 1 816 Uusimaa Myrskylä
6%
266. 1 848 Uusimaa Pukkila
6%
255. 2 119 Etelä-Savo Puumala
6%
288. 1 210 Kainuu Ristijärvi
6%
283. 1 352 Satakunta Siikainen
6%
241. 2 431 Etelä-Savo Sulkava
6%
237. 2 568 Pohjois-Pohjanmaa Utajärvi
6%
239. 2 491 Pohjois-Pohjanmaa Alavieska
5%
243. 2 406 Etelä-Pohjanmaa Evijärvi
5%
272. 1 780 Pirkanmaa Juupajoki
5%
285. 1 311 Keski-Suomi Kannonkoski
5%
289. 1 192 Etelä-Pohjanmaa Karijoki
5%
238. 2 533 Pohjois-Pohjanmaa Kärsämäki
5%
286. 1 288 Pohjanmaa Kaskinen
5%
270. 1 808 Pirkanmaa Kihniö
5%
291. 1 088 Keski-Suomi Kivijärvi
5%
235. 2 588 Keski-Suomi Konnevesi
5%
251. 2 157 Pirkanmaa Kuhmoinen
5%
287. 1 233 Keski-Suomi Kyyjärvi
5%
293. 1 076 Pohjois-Pohjanmaa Merijärvi
5%
284. 1 337 Varsinais-Suomi Oripää
5%
275. 1 646 Etelä-Savo Pertunmaa
5%
260. 2 013 Satakunta Pomarkku
5%
258. 2 031 Pohjois-Karjala Rääkkylä
5%
230. 2 689 Pohjois-Pohjanmaa Reisjärvi
5%
274. 1 678 Varsinais-Suomi Taivassalo
5%
244. 2 386 Keski-Suomi Toivakka
5%
242. 2 419 Pohjois-Savo Tuusniemi
5%
232. 2 672 Pohjois-Pohjanmaa Vaala
5%
249. 2 271 Varsinais-Suomi Vehmaa
5%
247. 2 286 Kanta-Häme Ypäjä
5%
256. 2 099 Pohjois-Savo Keitele
4%
257. 2 050 Pohjanmaa Korsnäs
4%
248 2 271 Varsinais-Suomi Koski Tl
4%
259. 2 018 Pohjois-Pohjanmaa Lumijoki
4%
264. 1 941 Pohjois-Savo Vesanto
4%
265. 1 891 Etelä-Pohjanmaa Isojoki
3%
278. 1 581 Keski-Suomi Kinnula
3%
262. 1 988 Varsinais-Suomi Marttila
3%
280. 1 489 Keski-Suomi Multia
3%
276. 1 631 Pohjois-Pohjanmaa Pyhäntä
3%
263. 1 986 Varsinais-Suomi Pyhäranta
3%
279. 1 513 Pohjois-Savo Rautavaara
3%
261 1 997 Etelä-Pohjanmaa Soini
3%
281. 1 478 Pohjois-Savo Tervo
2%
Ehtoja vastaavia visoja ei löytynyt
Tulosjakauma
Jokaisen tuloksen saaneiden osuus
Persentiili vastausten määrän mukaan
Tuloshistoriasi
Et ole pelannut tätä visaa